Statistics in biopharmaceutical research (sbr) (Record no. 38653)
[ view plain ]
| 000 -LEADER | |
|---|---|
| fixed length control field | 00518nam a2200157Ia 4500 |
| 022 ## - INTERNATIONAL STANDARD SERIAL NUMBER | |
| ISSN | 19466315 |
| 050 ## - CALL MARK | |
| Classification number | RM 301.27 .S73/ |
| 245 #0 - TITLE STATEMENT | |
| Title | Statistics in biopharmaceutical research (sbr) |
| 260 ## - PUBLICATION, DISTRIBUTION, ETC. (IMPRINT) | |
| Name of publisher | American Statistical Association |
| 260 ## - PUBLICATION, DISTRIBUTION, ETC. (IMPRINT) | |
| Year of publication | 2011 |
| 300 ## - PHYSICAL DESCRIPTION | |
| Number of Pages | 424 p. : ill. ; 28 cm. |
| 650 ## - SUBJECT ADDED ENTRY--TOPICAL TERM | |
| Topical Term | Drug development--Statistical methods. Clinical trials--Statistical methods. Drugs--Research--Statistical methods. |
| 942 ## - ADDED ENTRY ELEMENTS (KOHA) | |
| Koha item type | Serials |
No items available.